| 000 | 00500nam a2200217Ia 4500 | ||
|---|---|---|---|
| 008 | 170918s9999 xx 000 0 und d | ||
| 020 | _a9780439253239 | ||
| 050 | _bR686 2000 | ||
| 100 | _aRodda, Emily | ||
| 245 | 4 | _aThe forests of silence / | |
| 245 | _cEmily Rodda. | ||
| 260 | _aNew York : | ||
| 260 | _bScholastic, | ||
| 260 | _c2000 | ||
| 300 | _a131 pages : | ||
| 300 | _bcolored illustration ; | ||
| 300 | _c19cm. | ||
| 440 | _aDeltora quest ; | ||
| 440 | _v1 | ||
| 500 | _a690 | ||
| 999 |
_c341890 _d341890 |
||